रोमांचक सैर अंतरिक्ष की / (Record no. 28432)
[ view plain ]
| 000 -LEADER | |
|---|---|
| fixed length control field | 01321nam a22002537a 4500 |
| 005 - DATE AND TIME OF LATEST TRANSACTION | |
| control field | 20090720103558.0 |
| 008 - FIXED-LENGTH DATA ELEMENTS--GENERAL INFORMATION | |
| fixed length control field | 090714t xxu||||| |||| 00| 0 hin d |
| 010 ## - LCCN (DPL NO) | |
| LC control number | HIN-87342 |
| 020 ## - INTERNATIONAL STANDARD BOOK NUMBER | |
| Terms of availability | 150.00 |
| International Standard Book Number | 8190159313 |
| 035 ## - SYSTEM CONTROL NUMBER | |
| System control number | HN-59688 |
| 037 ## - SOURCE OF ACQUISITION | |
| Source of stock number/acquisition | DBAD / PUB |
| 040 ## - CATALOGING SOURCE | |
| Original cataloging agency | dpl |
| Language of cataloging | hn |
| 082 ## - DEWEY DECIMAL CLASSIFICATION NUMBER | |
| Classification number | 520 |
| 245 ## - TITLE STATEMENT | |
| Title | रोमांचक सैर अंतरिक्ष की / |
| Statement of responsibility, etc | नवीन मेहरा द्वारा अनुदित एवं संपादित |
| 246 ## - VARYING FORM OF TITLE | |
| Title proper/short title | Ramanchaka saira anatrikasha kii |
| Remainder of title | translated & edited by Naveen Mehra |
| 260 ## - PUBLICATION, DISTRIBUTION, ETC. (IMPRINT) | |
| Place of publication, distribution, etc | दिल्ली |
| Name of publisher, distributor, etc | राष्ट्रीय कला साहित्य एवं संस्कृति संस्थान |
| Date of publication, distribution, etc | 2008 |
| 270 ## - ADDRESS | |
| Address | 30/35बी, गली नं. 9, विश्वास नगर, शाहदरा |
| City | दिल्ली |
| Postal code | 110032 |
| 300 ## - PHYSICAL DESCRIPTION | |
| Extent | 144पृ. |
| Dimensions | 22सेमी (सजिल्द) |
| Other physical details | सचित्र |
| 650 ## - SUBJECT ADDED ENTRY--TOPICAL TERM | |
| Topical term or geographic name as entry element | अंतरिक्ष विज्ञान |
| 650 ## - SUBJECT ADDED ENTRY--TOPICAL TERM | |
| Topical term or geographic name as entry element | Space astronomy |
| 700 ## - ADDED ENTRY--PERSONAL NAME | |
| Personal name | मेहरा, नवीन |
| 942 ## - ADDED ENTRY ELEMENTS (KOHA) | |
| Source of classification or shelving scheme | Dewey Decimal Classification |
| Item type | Hindi Books |
| Call number suffix | रोमांच |
| Classification part | 520 |
| Withdrawn status | Lost status | Source of classification or shelving scheme | Damaged status | Not for loan | Home library | Current library | Date acquired | Source of acquisition | Cost, normal purchase price | Total Checkouts | Full call number | Barcode | Date last seen | Copy number | Cost, replacement price | Koha item type |
|---|---|---|---|---|---|---|---|---|---|---|---|---|---|---|---|---|
| Dewey Decimal Classification | Not For Loan | D.B.Act.Division | D.B.Act.Division | 20/07/2009 | DBAD / PUB | 150.00 | 520 रोमांच | HN-59688 | 20/07/2009 | 1 | 150.00 | Hindi Books |
